La contaminación de las aguas subterráneas: un problema pendiente
محفوظ في:
| المؤلفون الرئيسيون: | , , , |
|---|---|
| التنسيق: | كتاب |
| اللغة: | الإسبانية |
| منشور في: |
Madrid
Instituto Tecnológico Geominero de España
1999
|
| الموضوعات: | |
| الوسوم: |
إضافة وسم
لا توجد وسوم, كن أول من يضع وسما على هذه التسجيلة!
|
MARC
| LEADER | 00000nam a2200000 a 4500 | ||
|---|---|---|---|
| 001 | UCI5992 | ||
| 003 | CL-VaPUC | ||
| 005 | 20230124074418.0 | ||
| 008 | 080418e19990000sp 1 spa d | ||
| 020 | |a 8478403647 | ||
| 082 | 0 | 4 | |a 363.7394 |b SAM |2 21 |
| 100 | 1 | |a Samper Calvete, Javier |e author |9 621177 | |
| 700 | 1 | |a Sahuquillo, A |e author |9 621178 | |
| 700 | 1 | |a Capilla, J. E |e author |9 621179 | |
| 700 | 1 | |a Gómez Hernández, J. J |e author |9 621180 | |
| 245 | 1 | 3 | |a La contaminación de las aguas subterráneas: un problema pendiente |
| 260 | |a Madrid |b Instituto Tecnológico Geominero de España |c 1999 | ||
| 300 | |a 621 p | ||
| 583 | |a last modification |c 20190828 10:34:30 |k Rodrigo Vera | ||
| 650 | 0 | 0 | |a Aguas subterráneas |9 260378 |
| 650 | 0 | 0 | |a Geología |9 260984 |
| 650 | 0 | 0 | |a Hidrogeología |9 262905 |
| 650 | 0 | 0 | |a Contaminación del agua |9 261423 |
| 650 | 0 | 7 | |a RECURSOS DE AGUA |2 CL-VaPUC |9 261958 |
| 650 | 0 | 7 | |a CONTAMINANTES DEL AGUA |2 CL-VaPUC |9 361613 |
| 650 | 0 | 0 | |a Congresos |9 257560 |
| 942 | |c BK | ||
| 945 | |a rbrito |d 20080418 00:00:00 | ||
| 546 | |a En Español | ||
| 536 | |a Asociación Internacional de Hidrogeólogos | ||
| 518 | |p Jornadas sobre la Contaminación de las Aguas Subterránea, 1, Valencia, 1998 | ||
| 999 | |c 384347 |d 384345 | ||
| 952 | |0 0 |1 0 |4 0 |6 363_739400000000000_SAM_1999 |7 0 |8 A |9 507010 |a BIBING |b BIBING |d 2020-01-23 |i 4429117 |o 363.7394 SAM 1999 |p 4429117 |r 2025-01-20 |w 2020-01-23 |y BK |k GEO | ||